000 00664nam a2200217 a 4500
005 20240831063747.0
008 120627s2004 es r 000 0 spa d
020 _a8495722747
035 _aUPN01000185566
049 _aI
050 4 _aPZ74.7
_bC3.7
100 1 _aCalleja Pérez, Seve,
_d1953-
_933913
245 1 1 _a¡Tienes el diablo en el cuerpo! /
_cSeve Calleja ; il. Marie Nigot.
260 _aAlzira, Esp. :
_bAlgar,
_c2004.
300 _a100 p. :
_bil.
440 0 _aCalcetín amarillo;
_v6.
_pA partir de 8 años
650 4 _aCuentos infantiles españoles
_97725
650 4 _aCUENTOS HUMORISTICOS
_911283
905 _aInfantil
999 _c157669
_d157669